100 Dígitos de pi - Statistics

Estatísticas Gerais
  • Esse quiz foi jogado 7 833 vezes
  • A pontuação média é 27 de 100
Estatísticas das Respostas
Responder Número % Correto
resposta 3,
100%
resposta 1
99%
resposta 4
98%
resposta 1
95%
resposta 5
93%
resposta 9
90%
resposta 2
88%
resposta 6
84%
resposta 5
81%
resposta 3
79%
resposta 5
75%
resposta 8
72%
resposta 9
70%
resposta 7
67%
resposta 9
65%
resposta 2
63%
resposta 3
63%
resposta 3
61%
resposta 8
58%
resposta 4
56%
resposta 6
54%
resposta 2
52%
resposta 6
51%
resposta 4
49%
resposta 3
48%
resposta 3
45%
resposta 8
44%
resposta 3
42%
resposta 2
40%
resposta 7
37%
resposta 9
35%
resposta 5
33%
resposta 0
32%
resposta 2
31%
resposta 8
29%
resposta 8
28%
resposta 4
27%
resposta 1
26%
resposta 9
25%
resposta 7
23%
resposta 1
22%
resposta 6
21%
resposta 9
20%
resposta 3
19%
resposta 9
19%
resposta 9
18%
resposta 3
17%
resposta 7
16%
resposta 1
15%
resposta 5
15%
resposta 0
13%
resposta 5
11%
resposta 8
10%
resposta 0
9%
resposta 2
9%
resposta 7
8%
resposta 9
8%
resposta 4
7%
resposta 4
7%
resposta 4
7%
resposta 9
7%
resposta 0
6%
resposta 2
6%
resposta 3
6%
resposta 5
6%
resposta 9
6%
resposta 7
5%
resposta 1
4%
resposta 8
4%
resposta 4
3%
resposta 6
3%
resposta 0
2%
resposta 2
2%
resposta 6
2%
resposta 8
2%
resposta 0
1%
resposta 0
1%
resposta 2
1%
resposta 2
1%
resposta 2
1%
resposta 3
1%
resposta 4
1%
resposta 5
1%
resposta 6
1%
resposta 6
1%
resposta 8
1%
resposta 8
1%
resposta 8
1%
resposta 8
1%
resposta 9
1%
resposta 9
1%
resposta 0
0%
resposta 1
0%
resposta 1
0%
resposta 2
0%
resposta 3
0%
resposta 4
0%
resposta 6
0%
resposta 7
0%
resposta 7
0%
Nenhum quiz correspondente encontrado
Distribuição das Pontuações
Porcentagem de Pessoas com Cada Pontuação
Percentil de Números Respondidos
Sua Pontuação Histórica
Você não jogou esse quiz